000 00657nam a2200241Ia 4500
001 19994
005 20240113235955.0
007 ta
008 060217s1968 a g b000 u 465 u
040 _aCotton College,Assam
041 _a465
082 _a820.8
_bSh 11 Mi
100 _aSharma, Diwan Chand .
245 0 _aMirrors of English Prose /
_cDiwan Chand Sharma.
_hTextual Documents
250 _a1st ed. /
260 _aNew Delhi :
_bNiraj Prakashan ,
_c1968.
300 _a259p. :
_bill ;
_c17cm .
653 _aEnglish Literature-Collections
653 _aG-English
942 _2ddc
_cBK
999 _c19976
_d19976